000 00618 a2200241 4500
003 0
005 20160609162604.0
008 131205t xxu||||| |||| 00| 0 eng d
020 _a2 13 043875 X
040 _aBUAC
_bFre.
_cBUC
041 _aFre.
100 _aGallien, Claude-Louis
_929443
100 _lFre
_929444
245 _a Biologie cellulaire
_c/Claude-Louis Gallien
260 _aParis
_bPUF
_c1976
300 _a259 p.
300 _b26 cm.
440 _a(Biomed. Biologie
_v1)
_929445
630 _aSCIENCES NATURELLES
_929446
650 _aCellule : biologie
_929447
942 _cLIVR
999 _c41531
_d41531